| 000 | 00000nam##2200000za#4500 |
| 001 | 9.573870 |
| 003 | CaOODSP |
| 005 | 20210624183916 |
| 007 | cr ||||||||||| |
| 008 | 150406|1995||||xxc|||||o f|0| 0 eng|d |
| 022 | |a1488-5379 |
| 040 | |aCaOODSP|beng |
| 043 | |an-cn--- |
| 086 | 1 |aFs97-6/2044E-PDF |
| 110 | 1 |aCanada. |bDepartment of Fisheries and Oceans. |
| 245 | 10|aMethods for determination of organochlorine pesticides, polychlorinated biphenyl congeners and chlorinated dibenzo-p-dioxins and furans in fish / |h[electronic resource]|cby S.Y. Huestis ... [et al.]. |
| 260 | |aBurlington - Ontario : |bFisheries and Oceans Canada |c1995. |
| 300 | |a32p.|bgraphs, references, tables |
| 490 | 1 |aCanadian technical report of fisheries and aquatic sciences|x1488-5379|vNo. 2044 |
| 500 | |aThe catalogue number (Fs97-6/2044E) and ISSN (0706-6457) for the print edition have been incorrectly copied in this electronic publication. |
| 546 | |a(Résumé en français) |
| 590 | |a12-23-Supp|b2012-05-28 |
| 720 | 1 |aHuestis, S. Y. |
| 776 | 0#|tMethods for determination of organochlorine pesticides, polychlorinated biphenyl congeners and chlorinated dibenzo-p-dioxins and furans in fish / |w(CaOODSP)9.612384 |
| 830 | #0|aCanadian technical report of fisheries and aquatic sciences,|x1488-5379|vNo. 2044|w(CaOODSP)9.504449 |
| 856 | 40|ahttp://publications.gc.ca|qPDF|s3.91 MB|uhttps://publications.gc.ca/collections/collection_2012/mpo-dfo/Fs97-6-2044-eng.pdf|yNo. 2044 |